[Event "BL 8586 Sindelfingen-Porz"]
[Site "?"]
[Date "1985.??.??"]
[Round "?.2"]
[White "Fahnenschmidt, G."]
[Black "Hort, V."]
[Result "0-1"]
[WhiteElo "2335"]
[BlackElo "2545"]
[PlyCount "111"]
[EventDate "1985.??.??"]

1. d4 Nf6 2. Nf3 g6 3. c4 Bg7 4. Nc3 d5 5. cxd5 Nxd5 6. Bd2 O-O 7. e4 Nb6 8.
Be3 Bg4 9. Be2 e6 10. Qd2 Nc6 11. Rd1 Qe7 12. Ng1 Bxe2 13. Ngxe2 Nc4 14. Qc1
Qb4 15. b3 Nxe3 16. Qxe3 Rfd8 17. d5 exd5 18. Rxd5 Rxd5 19. exd5 Nd4 20. O-O
Nxe2+ 21. Nxe2 Qa5 22. Rc1 Qxd5 23. Nc3 Qe5 24. Qd3 Re8 25. g3 c6 26. b4 Qd4
27. Qxd4 Bxd4 28. Kf1 Bxc3 29. Rxc3 Re4 30. a3 Kf8 31. f3 Rd4 32. Ke2 Ke7 33.
Ke3 Rd1 34. h4 h5 35. Kf4 f6 36. g4 Rd4+ 37. Ke3 Rd5 38. Rc1 a5 39. Rc4 Kd6 40.
Rf4 Ke6 41. Rc4 Rb5 42. Kd3 axb4 43. axb4 Re5 44. Rc1 Kd6 45. Rg1 Rd5+ 46. Ke3
Rb5 47. Rd1+ Ke6 48. Rd4 Re5+ 49. Kf2 Rd5 50. Re4+ Kd7 51. Rf4 f5 52. Ke3 b5
53. gxh5 gxh5 54. Rd4 Rxd4 55. Kxd4 Kd6 56. f4 0-1

[Event "BL 8586 Zähringen-Wuppertal"]
[Site "?"]
[Date "1985.??.??"]
[Round "?.1"]
[White "Dresen, U."]
[Black "Vatter, H."]
[Result "1-0"]
[WhiteElo "2305"]
[BlackElo "2260"]
[PlyCount "98"]
[EventDate "1985.??.??"]

1. g3 e5 2. Bg2 d5 3. d3 Nf6 4. Nf3 Nc6 5. O-O Be7 6. c4 O-O 7. cxd5 Nxd5 8.
Nc3 Be6 9. Bd2 Nb6 10. Rc1 f6 11. Qc2 Qe8 12. a3 Qf7 13. Ne4 Bb3 14. Qb1 Rad8
15. Be3 h6 16. Bc5 f5 17. Ned2 Bd5 18. b4 Rfe8 19. e4 fxe4 20. Nxe4 Bxe4 21.
dxe4 Bf6 22. Qc2 Nc8 23. Rfd1 Kh8 24. b5 Rxd1+ 25. Rxd1 Nd8 26. Bh3 Ne6 27. Qb3
Qg8 28. Bb4 Nb6 29. Rc1 Na8 30. Qd5 Nd8 31. Qxg8+ Kxg8 32. Bd7 Rf8 33. Bxf8
Kxf8 34. Kf1 Ke7 35. Bf5 c6 36. bxc6 Nxc6 37. Bc8 Nd8 38. Bxb7 Nb6 39. Ba6 Ne6
40. Bb5 g5 41. h3 h5 42. a4 Nd7 43. Bxd7 Kxd7 44. Rd1+ Kc6 45. Rd5 Nc5 46.
Nxe5+ Bxe5 47. Rxe5 Nxa4 48. Rxg5 Nc5 49. Ke2 Nxe4 1-0

[Event "BL 8586 Zähringen-Wuppertal"]
[Site "?"]
[Date "1985.??.??"]
[Round "?.2"]
[White "Herbrechtsmeier, C."]
[Black "Schneider, B1."]
[Result "0-1"]
[WhiteElo "2330"]
[BlackElo "2290"]
[PlyCount "100"]
[EventDate "1985.??.??"]

1. e4 g6 2. d4 Bg7 3. Nc3 c6 4. Bc4 d5 5. exd5 b5 6. Bb3 b4 7. Nce2 cxd5 8. Nf3
Nf6 9. a3 bxa3 10. Rxa3 O-O 11. O-O Nc6 12. Bf4 Nh5 13. Ne5 Bb7 14. Nxc6 Bxc6
15. Ba4 Bxa4 16. Rxa4 Qb6 17. Bc1 Rfc8 18. c3 a5 19. Qd3 e6 20. Re1 Bf8 21. Qb1
Qb5 22. Qa2 Bd6 23. g3 Nf6 24. Kg2 Rc4 25. Rxc4 dxc4 26. Bf4 Bxf4 27. Nxf4 g5
28. Nh3 Qd5+ 29. f3 g4 30. Ng1 gxf3+ 31. Nxf3 Ne4 32. Re3 Rb8 33. Qb1 f5 34.
Kg1 Qb7 35. Ne5 Qxb2 36. Qxb2 Rxb2 37. Nxc4 Ra2 38. g4 a4 39. gxf5 exf5 40. Rf3
a3 41. Nxa3 Rxa3 42. Rxf5 Rxc3 43. Re5 Nf6 44. Re2 Rd3 45. Kg2 Kf7 46. Rf2 Kg6
47. Re2 h5 48. Rf2 Ng4 49. Rb2 h4 50. h3 Rg3+ 0-1

[Event "BL 8586 Zähringen-Wuppertal"]
[Site "?"]
[Date "1985.??.??"]
[Round "?.3"]
[White "Meyer, P."]
[Black "Kiefer, G."]
[Result "0-1"]
[WhiteElo "2280"]
[BlackElo "2220"]
[PlyCount "98"]
[EventDate "1985.??.??"]

1. d4 Nf6 2. c4 e6 3. Nf3 b6 4. a3 Ba6 5. Qc2 Bb7 6. Nc3 c5 7. dxc5 bxc5 8. Bg5
Be7 9. e3 O-O 10. Be2 d5 11. Rd1 Nbd7 12. cxd5 exd5 13. O-O Qb6 14. Na4 Qc6 15.
Nc3 Qe6 16. Ne1 Rac8 17. Rd2 h6 18. Bf4 Rfe8 19. Qd1 Bf8 20. Bg3 Red8 21. Nd3
g5 22. Bf3 Nb6 23. Ne5 Bd6 24. Ng4 Bxg3 25. hxg3 Ne8 26. b3 h5 27. Nh2 g4 28.
Be2 Qe5 29. Na2 Ng7 30. a4 a5 31. Re1 Ne6 32. Nc1 c4 33. bxc4 dxc4 34. Rxd8+
Rxd8 35. Qc2 Qd5 36. Bf1 Nc5 37. Ne2 Nd3 38. Rb1 Nd7 39. Nd4 N7c5 40. Rb6 Rd6
41. Rb5 Rf6 42. f3 Qe5 43. Bxd3 Qxe3+ 44. Qf2 Qxf2+ 45. Kxf2 Nxd3+ 46. Ke3 Ba6
47. Rxa5 Nb2 48. fxg4 hxg4 49. Nxg4 Rg6 0-1

[Event "BL 8586 Zähringen-Wuppertal"]
[Site "?"]
[Date "1985.??.??"]
[Round "?.4"]
[White "Arnold, L."]
[Black "Ingenerf, S."]
[Result "1/2-1/2"]
[WhiteElo "2305"]
[BlackElo "2270"]
[PlyCount "153"]
[EventDate "1985.??.??"]

1. e4 g6 2. d4 Bg7 3. Nc3 d6 4. Nf3 Nf6 5. Be2 O-O 6. O-O Bg4 7. Be3 Nc6 8. Qd2
e5 9. d5 Ne7 10. Rad1 Bd7 11. Ne1 b5 12. a3 Qb8 13. Nd3 a5 14. b4 axb4 15. axb4
c6 16. f4 Ng4 17. fxe5 Nxe3 18. Qxe3 cxd5 19. Nxd5 Nxd5 20. exd5 dxe5 21. Nc5
Qd6 22. Nxd7 Qxd7 23. d6 Rac8 24. Qe4 f5 25. Qd5+ Kh8 26. Bxb5 Qa7+ 27. Kh1
Rxc2 28. d7 Bf6 29. d8=Q Rxd8 30. Qxd8+ Bxd8 31. Rxd8+ Kg7 32. Rd7+ Qxd7 33.
Bxd7 Rb2 34. b5 Kf6 35. Kg1 e4 36. g4 Ke7 37. Bc6 Ke6 38. gxf5+ gxf5 39. Rf2
Rb1+ 40. Kg2 Ke5 41. Re2 Kd4 42. Rd2+ Ke3 43. Ra2 Rb3 44. Ra4 h6 45. Kg3 Rb1
46. h4 Rg1+ 47. Kh3 Rb1 48. Kg2 Kf4 49. h5 Rb2+ 50. Kh3 Kg5 51. Ra3 Rb1 52.
Rg3+ Kf4 53. Rc3 e3 54. Rc2 Ke5 55. Kg2 Kd4 56. Ra2 f4 57. Ra4+ Ke5 58. Kf3
Rf1+ 59. Ke2 Rf2+ 60. Kd3 Kf5 61. Rb4 Rd2+ 62. Kc3 Kg4 63. b6 Rd6 64. Bb5 Kg3
65. b7 Rd8 66. Rd4 Rb8 67. Bc6 f3 68. Kd3 e2 69. Kd2 Kf2 70. Re4 Rd8+ 71. Kc3
e1=Q+ 72. Rxe1 Kxe1 73. Bxf3 Rb8 74. Kd4 Kf2 75. Bc6 Kg3 76. Kc5 Kh4 77. Kb6
1/2-1/2

[Event "BL 8586 Porz-Zähringen"]
[Site "?"]
[Date "1985.??.??"]
[Round "?.1"]
[White "Vatter, H."]
[Black "Miles, A."]
[Result "0-1"]
[WhiteElo "2260"]
[BlackElo "2560"]
[PlyCount "98"]
[EventDate "1985.??.??"]

1. e4 c6 2. c4 d5 3. cxd5 cxd5 4. exd5 Nf6 5. Bb5+ Nbd7 6. Nc3 a6 7. Qa4 Rb8 8.
Bxd7+ Nxd7 9. Qf4 b5 10. Nf3 Bb7 11. O-O Nf6 12. Ne5 Qd6 13. d3 Rd8 14. Bd2
Bxd5 15. Nxd5 Qxd5 16. Ba5 Ra8 17. a4 e6 18. axb5 Qxb5 19. Bc3 Be7 20. Ra5 Qb7
21. Rfa1 O-O 22. Qa4 Nd5 23. Rxa6 Nxc3 24. bxc3 Rxa6 25. Qxa6 Qb2 26. Nc6 Bf6
27. Qa3 Qb7 28. Nb4 g6 29. d4 Rb8 30. Rd1 Be7 31. Rb1 Qe4 32. Qa1 Qf5 33. Rb2
Bd6 34. Qd1 Rc8 35. Qd2 h5 36. Nd3 h4 37. h3 Qa5 38. Rc2 Kg7 39. Ne1 Qf5 40. c4
Ra8 41. Ra2 Bb4 42. Qxb4 Rxa2 43. f3 Qf4 44. Qc3 Qd2 45. Qxd2 Rxd2 46. d5 e5
47. Kf1 Kf6 48. d6 Ke6 49. c5 f5 0-1

[Event "BL 8586 Porz-Zähringen"]
[Site "?"]
[Date "1985.??.??"]
[Round "?.3"]
[White "Kiefer, G."]
[Black "Goehring, K."]
[Result "1/2-1/2"]
[WhiteElo "2220"]
[BlackElo "2355"]
[PlyCount "77"]
[EventDate "1985.??.??"]

1. e4 e5 2. Nf3 Nc6 3. Bb5 a6 4. Ba4 d6 5. Bxc6+ bxc6 6. d4 exd4 7. Qxd4 c5 8.
Qd3 g6 9. Nc3 Bg7 10. Bg5 f6 11. Bh4 Be6 12. O-O Ne7 13. Nd5 O-O 14. c4 Nxd5
15. exd5 Bf5 16. Qd2 Bd7 17. b4 cxb4 18. Nd4 a5 19. Rae1 Re8 20. Rxe8+ Qxe8 21.
Re1 Qf7 22. Ne6 Re8 23. Nxc7 Rxe1+ 24. Qxe1 f5 25. Ne6 Bc3 26. Qe3 Be5 27. f4
Bf6 28. Bg5 a4 29. Bh6 Bxe6 30. dxe6 Qc7 31. Qf3 Qc5+ 32. Kh1 d5 33. h3 Qxc4
34. Qe3 Qd4 35. Qe2 Qc4 36. Qe3 Qc7 37. Qd3 Qc6 38. Qd2 Qc4 39. Qe3 1/2-1/2

[Event "BL 8586 Porz-Zähringen"]
[Site "?"]
[Date "1985.??.??"]
[Round "?.4"]
[White "Gruen, G."]
[Black "Arnold, L."]
[Result "1/2-1/2"]
[WhiteElo "2410"]
[BlackElo "2305"]
[PlyCount "75"]
[EventDate "1985.??.??"]

1. d4 Nf6 2. Nf3 c5 3. d5 e6 4. c4 exd5 5. cxd5 d6 6. Nc3 g6 7. Bf4 a6 8. e4 b5
9. Qe2 Nh5 10. Bg5 f6 11. Be3 Nd7 12. g4 Ng7 13. h4 Be7 14. a4 bxa4 15. Nd2 Rb8
16. Nc4 Ne5 17. Nxe5 fxe5 18. h5 O-O 19. hxg6 hxg6 20. Rh6 Bg5 21. Rxg6 Bxe3
22. Qxe3 Rxb2 23. Qh6 Rf7 24. Rxa4 Qb6 25. Nd1 Rb1 26. Bd3 Bxg4 27. Bxb1 Bxd1
28. Kxd1 Qxb1+ 29. Qc1 Qd3+ 30. Ke1 Rf4 31. Rg3 Rxe4+ 32. Rxe4 Qxe4+ 33. Qe3
Qxd5 34. Qh6 Qe4+ 35. Kf1 Qb1+ 36. Kg2 Qe4+ 37. Kg1 Qb1+ 38. Kg2 1/2-1/2

[Event "BL 8586 Porz-Zähringen"]
[Site "?"]
[Date "1985.??.??"]
[Round "?.5"]
[White "Raupp, T."]
[Black "Marian, R \[Runau\]"]
[Result "1-0"]
[WhiteElo "2275"]
[BlackElo "2285"]
[PlyCount "101"]
[EventDate "1985.??.??"]

1. c4 e6 2. Nf3 d5 3. d4 c6 4. e3 Nd7 5. Bd3 Ngf6 6. Nbd2 c5 7. O-O cxd4 8.
exd4 Be7 9. c5 a5 10. Qa4 O-O 11. b4 Qc7 12. Bb2 Qf4 13. Rfe1 b6 14. c6 b5 15.
Qc2 Nb6 16. bxa5 Rxa5 17. Nb3 Ra7 18. Bxb5 Ne4 19. Bd3 f5 20. Ne5 Na4 21. Bc1
Qh4 22. g3 Qh5 23. Be2 Qe8 24. f3 Nd6 25. Bd2 Nf7 26. Bb5 Nxe5 27. dxe5 f4 28.
Kg2 g5 29. g4 Qd8 30. Ba5 Rxa5 31. Nxa5 Nc5 32. Nb3 Qb6 33. a4 Nxb3 34. Qxb3
Qa5 35. Re2 Rf7 36. Rc1 Bf8 37. Qd3 Rc7 38. h4 gxh4 39. Qd2 Bb4 40. Qxf4 Rg7
41. Kh3 Ba3 42. Rcc2 Qb6 43. Qe3 Qxe3 44. Rxe3 Bb4 45. Kxh4 Rf7 46. Kg3 Kg7 47.
f4 Ba5 48. Rd3 Kg6 49. Rd1 h6 50. Bd3+ Kg7 51. Rb1 1-0

[Event "BL 8586 Porz-Zähringen"]
[Site "?"]
[Date "1985.??.??"]
[Round "?.6"]
[White "Gerusel, M."]
[Black "Schuh, H."]
[Result "0-1"]
[WhiteElo "2390"]
[BlackElo "2300"]
[PlyCount "94"]
[EventDate "1985.??.??"]

1. d4 Nf6 2. c4 g6 3. g3 Bg7 4. Bg2 O-O 5. e4 d6 6. Ne2 c5 7. d5 e6 8. Nbc3
exd5 9. exd5 Na6 10. O-O Bf5 11. h3 h5 12. Bf4 Qd7 13. Kh2 Nb4 14. b3 a6 15.
Qd2 b5 16. f3 bxc4 17. bxc4 Rfe8 18. g4 hxg4 19. hxg4 Bd3 20. a3 Bxc4 21. axb4
cxb4 22. Ne4 Nxe4 23. fxe4 Qxg4 24. Rae1 b3 25. Bf3 Qh4+ 26. Kg2 Bxe2 27. Rxe2
Be5 28. Bxe5 Rxe5 29. Rh1 Qf6 30. Qh6 Rg5+ 31. Kf2 Qd4+ 32. Re3 Qb2+ 33. Be2
Qf6+ 34. Ke1 Re8 35. Qh7+ Kf8 36. Qh8+ Ke7 37. Qxf6+ Kxf6 38. Rf1+ Kg7 39. Rxb3
Rxe4 40. Rb7 Rxd5 41. Rbxf7+ Kh6 42. Rh1+ Kg5 43. Rg1+ Kh6 44. Rh1+ Rh5 45.
Rxh5+ gxh5 46. Rf6+ Kg5 47. Rxd6 h4 0-1

[Event "BL 8586 Wuppertal-Sindelfingen"]
[Site "?"]
[Date "1985.??.??"]
[Round "?.1"]
[White "Darga, K."]
[Black "Dresen, U."]
[Result "1/2-1/2"]
[WhiteElo "2470"]
[BlackElo "2305"]
[PlyCount "39"]
[EventDate "1985.??.??"]

1. d4 g6 2. e4 Bg7 3. Nc3 c6 4. Nf3 d5 5. h3 Nh6 6. Be2 O-O 7. O-O f6 8. Re1
Nf7 9. Bf1 e6 10. a4 a5 11. b3 Na6 12. Ba3 Re8 13. exd5 exd5 14. Rxe8+ Qxe8 15.
Na2 Be6 16. Qd2 b6 17. Re1 Bh6 18. Qd1 Nc7 19. c4 Qd7 20. Nc3 1/2-1/2

[Event "BL 8586 Porz-Bochum"]
[Site "?"]
[Date "1985.??.??"]
[Round "?.1"]
[White "Heinbuch, D."]
[Black "Miles, A."]
[Result "0-1"]
[WhiteElo "2360"]
[BlackElo "2560"]
[PlyCount "90"]
[EventDate "1985.??.??"]

1. c4 e5 2. Nc3 Bb4 3. g3 Bxc3 4. dxc3 d6 5. Bg2 f5 6. e4 fxe4 7. Qh5+ Kf8 8.
Bg5 Nf6 9. Bxf6 Qxf6 10. Bxe4 Qf7 11. Qe2 Nd7 12. Bg2 Nf6 13. Nf3 Qh5 14. h3
Bd7 15. g4 Qe8 16. O-O-O Bc6 17. Nh4 g6 18. Rhe1 Kg7 19. Bxc6 Qxc6 20. f4 Rae8
21. f5 e4 22. g5 Nd7 23. f6+ Kf7 24. Ng2 Ne5 25. Nf4 Nf3 26. Rf1 Nxg5 27. Rd5
Nf3 28. c5 Re5 29. Qc4 Qa6 30. Qb3 Kxf6 31. Rfd1 dxc5 32. Rxe5 Nxe5 33. Nd5+
Kg7 34. Nxc7 Nd3+ 35. Kb1 Qb6 36. Qxb6 axb6 37. b3 Rc8 38. Nd5 Rd8 39. c4 Nb4
40. Re1 Nxd5 41. cxd5 Rxd5 42. Rxe4 Kf6 43. Kc2 Re5 44. Rf4+ Rf5 45. Re4 Rf2+
0-1

[Event "BL 8586 Porz-Bochum"]
[Site "?"]
[Date "1985.??.??"]
[Round "?.4"]
[White "Gruen, G."]
[Black "Beckemeyer, W."]
[Result "1-0"]
[WhiteElo "2410"]
[BlackElo "2320"]
[PlyCount "65"]
[EventDate "1985.??.??"]

1. d4 Nf6 2. Nf3 g6 3. g3 Bg7 4. Bg2 O-O 5. c4 d6 6. O-O Nbd7 7. Nc3 e5 8. e4
c6 9. b3 exd4 10. Nxd4 Re8 11. h3 Nc5 12. Re1 a5 13. Rb1 Nfd7 14. Be3 Ne5 15.
Qc2 a4 16. Red1 axb3 17. axb3 Qe7 18. f4 Ned7 19. b4 Nxe4 20. Nxe4 f5 21. Nxd6
Qxe3+ 22. Kh2 Rd8 23. c5 Bxd4 24. Qc4+ Kg7 25. Re1 Ne5 26. fxe5 Qc3 27. Qf7+
Kh6 28. Qf6 Rxd6 29. Qh4+ Kg7 30. exd6 Bf6 31. Re7+ Bxe7 32. Qxe7+ Kh6 33. Re1
1-0

[Event "BL 8586 Porz-Bochum"]
[Site "?"]
[Date "1985.??.??"]
[Round "?.5"]
[White "Fleck, J."]
[Black "Marian, R."]
[Result "1/2-1/2"]
[WhiteElo "2390"]
[BlackElo "2285"]
[PlyCount "81"]
[EventDate "1985.??.??"]

1. e4 c6 2. d4 d5 3. Nd2 g6 4. Ngf3 Bg7 5. c3 Nh6 6. Bd3 O-O 7. O-O f6 8. Re1
Nf7 9. c4 e6 10. Nf1 Qd6 11. Ng3 Nd7 12. exd5 cxd5 13. cxd5 exd5 14. Bd2 Nb6
15. Qb3 a5 16. Rac1 Bg4 17. Rc5 Bxf3 18. gxf3 f5 19. Bxa5 Bxd4 20. Rb5 Rxa5 21.
Rxa5 Ng5 22. Kg2 Qf4 23. Be2 Qh4 24. Rd1 Ne6 25. Rxd4 Qxd4 26. Rb5 Nf4+ 27. Kf1
Nc4 28. Qc3 Qxc3 29. bxc3 Ra8 30. Bxc4 dxc4 31. Ne2 Nxe2 32. Kxe2 f4 33. Rb2
Ra5 34. Kd1 b5 35. Kc1 Kf7 36. Rd2 Kf6 37. Kb2 Kg5 38. Rd4 h5 39. Kb1 Ra7 40.
Kb2 Ra5 41. Kb1 1/2-1/2

[Event "BL 8586 Porz-Bochum"]
[Site "?"]
[Date "1985.??.??"]
[Round "?.6"]
[White "Gerusel, M."]
[Black "Sonntag, H."]
[Result "1-0"]
[WhiteElo "2390"]
[BlackElo "2305"]
[PlyCount "55"]
[EventDate "1985.??.??"]

1. d4 Nf6 2. c4 e6 3. Nc3 d5 4. cxd5 exd5 5. Bg5 Be7 6. e3 Nbd7 7. Qc2 O-O 8.
Bd3 Re8 9. Nf3 Nf8 10. O-O c6 11. a3 Ne4 12. Bf4 Nxc3 13. bxc3 Bd6 14. Bxd6
Qxd6 15. c4 Bg4 16. Ne5 Bh5 17. cxd5 cxd5 18. Bf5 f6 19. Nd3 Bg6 20. Nf4 Bf7
21. Rfc1 g6 22. Bg4 Be6 23. Bf3 g5 24. Nxe6 Nxe6 25. Qb3 Rad8 26. Qxb7 Re7 27.
Qb4 f5 28. Bxd5 1-0

[Event "BL 8586 Porz-Bochum"]
[Site "?"]
[Date "1985.??.??"]
[Round "?.7"]
[White "Backwinkel, P."]
[Black "Schmidt, B."]
[Result "0-1"]
[WhiteElo "2350"]
[BlackElo "2340"]
[PlyCount "84"]
[EventDate "1985.??.??"]

1. e4 e6 2. d4 d5 3. Nd2 Nf6 4. e5 Nfd7 5. c3 c5 6. Ngf3 cxd4 7. cxd4 Nc6 8.
Bd3 Be7 9. O-O Nb6 10. a3 a5 11. b3 Bd7 12. Bb2 a4 13. b4 Na7 14. Qe2 O-O 15.
Rac1 Rc8 16. Rxc8 Qxc8 17. Rc1 Qb8 18. h4 g6 19. Nf1 Rc8 20. Rc5 Nc4 21. Bxc4
Bxc5 22. dxc5 dxc4 23. Ng5 Bc6 24. Ng3 b6 25. h5 bxc5 26. Qxc4 Qb5 27. Qf4 Rc7
28. Bc1 cxb4 29. Qf6 Qd5 30. N5e4 Qd1+ 31. Kh2 Qxc1 32. f4 h6 33. Qd8+ Kg7 34.
Qxc7 Qxf4 35. Nd6 Qh4+ 36. Kg1 Qd4+ 37. Kf1 Bb5+ 38. Nxb5 Nxb5 39. Qb8 Qf4+ 40.
Kg1 Qxg3 41. Qxb5 bxa3 42. Qxa4 gxh5 0-1

[Event "BL 8586 Porz-Bochum"]
[Site "?"]
[Date "1985.??.??"]
[Round "?.8"]
[White "Schoen, W."]
[Black "Ackermann, H."]
[Result "1-0"]
[WhiteElo "2275"]
[BlackElo "2255"]
[PlyCount "73"]
[EventDate "1985.??.??"]

1. d4 Nf6 2. c4 e6 3. Nc3 c5 4. d5 exd5 5. cxd5 d6 6. e4 g6 7. f4 Bg7 8. Nf3
O-O 9. Be2 Na6 10. e5 Ne8 11. O-O Nac7 12. a4 b6 13. Be3 Bb7 14. Bc4 Rb8 15.
Qd2 a6 16. Ba2 Qd7 17. Rae1 Kh8 18. Bf2 f6 19. a5 Nb5 20. axb6 Rc8 21. e6 Qe7
22. Nxb5 axb5 23. f5 g5 24. Bb3 h5 25. h3 Bh6 26. Nh4 Rg8 27. Ng6+ Rxg6 28.
fxg6 Bf8 29. h4 Ng7 30. hxg5 f5 31. Bc2 Qe8 32. Bg3 Be7 33. Bxf5 Qd8 34. Bh4
Qxb6 35. Be4 b4 36. Rf7 Re8 37. Ref1 1-0

[Event "BL 8586 Wuppertal-Solingen"]
[Site "?"]
[Date "1985.??.??"]
[Round "?.3"]
[White "Lau, R."]
[Black "Ingenerf, S."]
[Result "1-0"]
[WhiteElo "2460"]
[BlackElo "2270"]
[PlyCount "102"]
[EventDate "1985.??.??"]

1. e4 g6 2. d4 d6 3. Nc3 Bg7 4. Be3 Nf6 5. Qd2 Ng4 6. Bg5 f6 7. Bh4 e5 8. dxe5
dxe5 9. Qxd8+ Kxd8 10. O-O-O+ Nd7 11. Nf3 Re8 12. Nd5 c6 13. h3 cxd5 14. hxg4
dxe4 15. Nd2 Ke7 16. Nxe4 h6 17. Bb5 Rd8 18. Rd6 g5 19. Bg3 Nf8 20. Rxd8 Kxd8
21. f3 Kc7 22. Rd1 Bd7 23. Bxd7 Nxd7 24. Nd6 Nc5 25. Bf2 b6 26. Bxc5 bxc5 27.
Ne4 Bf8 28. Nxf6 Bd6 29. Ne4 Bf8 30. Rd5 Re8 31. c4 Kc6 32. Kc2 a5 33. Kb3 Rb8+
34. Kc2 Re8 35. b3 a4 36. bxa4 Ra8 37. a3 Rxa4 38. Kb3 Ra8 39. Rxe5 Rb8+ 40.
Kc2 Kd7 41. Nc3 Bd6 42. Rd5 Ke6 43. Nb5 Bf8 44. a4 Be7 45. Rd3 Ke5 46. Re3+ Kf6
47. a5 Bd8 48. a6 Ra8 49. a7 Bb6 50. Ra3 Ke5 51. Ra6 Bd8 1-0

[Event "BL 8586 Bochum-Wuppertal"]
[Site "?"]
[Date "1985.??.??"]
[Round "?.1"]
[White "Dresen, U."]
[Black "Heinbuch, D."]
[Result "1/2-1/2"]
[WhiteElo "2305"]
[BlackElo "2360"]
[PlyCount "101"]
[EventDate "1985.??.??"]

1. g3 c5 2. Bg2 Nc6 3. b3 e5 4. c4 Nge7 5. Nc3 g6 6. Ne4 Nf5 7. Bb2 d6 8. Nf3
Bg7 9. e3 O-O 10. d3 h6 11. O-O Be6 12. Qe2 Rc8 13. Rfd1 b6 14. Rac1 Qd7 15.
Nc3 Rfe8 16. Nd5 Nfe7 17. e4 Rf8 18. Rf1 f5 19. Nxe7+ Nxe7 20. exf5 Nxf5 21.
Rce1 Rce8 22. Nd2 Re7 23. Qe4 Kh7 24. Qc6 Qd8 25. Qe4 Bc8 26. Qe2 h5 27. Ne4
Bh6 28. h4 Ref7 29. Qd1 Bb7 30. Bc1 Bxc1 31. Qxc1 Bxe4 32. Bxe4 Nd4 33. Re3 Kg7
34. Kg2 a5 35. Qd1 Ra7 36. a4 Raf7 37. Bd5 Rf6 38. Be4 Qd7 39. Bd5 Qf5 40. f3
Qd7 41. Rf2 Qd8 42. Re1 Rf5 43. Be4 R5f7 44. Bd5 Rc7 45. Rh1 Rf6 46. Rhf1 Re7
47. Kh2 Re8 48. Kg2 Qe7 49. Be4 Ref8 50. Bd5 Kh7 51. Be4 1/2-1/2

[Event "BL 8586 Bochum-Wuppertal"]
[Site "?"]
[Date "1985.??.??"]
[Round "?.2"]
[White "Sehner, N."]
[Black "Schneider, B1."]
[Result "1-0"]
[WhiteElo "2320"]
[BlackElo "2290"]
[PlyCount "121"]
[EventDate "1985.??.??"]

1. c4 e5 2. g3 c6 3. Nf3 e4 4. Nd4 d5 5. d3 exd3 6. Qxd3 dxc4 7. Qxc4 c5 8. Nf3
Nc6 9. Bg2 Be6 10. Qa4 Bd7 11. O-O Nf6 12. Qb3 Be7 13. Bf4 Qc8 14. Nc3 O-O 15.
Rac1 Be6 16. Qc2 Nd5 17. Nxd5 Bxd5 18. Ng5 Bxg5 19. Bxg5 Bxg2 20. Kxg2 b6 21.
Qc4 Re8 22. Bd2 Nd4 23. e3 Qb7+ 24. f3 Rad8 25. Rcd1 Nf5 26. Qe2 h6 27. e4 Nd4
28. Qf2 f5 29. Be3 fxe4 30. Bxd4 exf3+ 31. Qxf3 Qxf3+ 32. Kxf3 cxd4 33. Rd2
Re3+ 34. Kg2 Re5 35. Rf3 g5 36. Rfd3 Kf7 37. Kf3 Ra5 38. a3 Rb5 39. b4 a5 40.
Rxd4 Rxd4 41. Rxd4 Ke6 42. bxa5 Rxa5 43. a4 Ke5 44. Rb4 Ra6 45. Ke3 Kd5 46. h4
Kc5 47. Rb5+ Kc4 48. hxg5 Rxa4 49. Rxb6 hxg5 50. Rg6 Ra5 51. Kf3 Kd4 52. Kg4
Ke4 53. Rxg5 Ra8 54. Rg7 Ke5 55. Kg5 Ke6 56. g4 Ra4 57. Rb7 Rc4 58. Kh5 Rc8 59.
g5 Rh8+ 60. Kg6 Rg8+ 61. Kh6 1-0

[Event "BL 8586 Bochum-Wuppertal"]
[Site "?"]
[Date "1985.??.??"]
[Round "?.4"]
[White "Beckemeyer, W."]
[Black "Ingenerf, S."]
[Result "0-1"]
[WhiteElo "2320"]
[BlackElo "2270"]
[PlyCount "90"]
[EventDate "1985.??.??"]

1. e4 g6 2. d4 Bg7 3. Nc3 d6 4. f4 Nf6 5. Nf3 c5 6. Bb5+ Bd7 7. e5 Ng4 8. e6
Bxb5 9. exf7+ Kd7 10. Nxb5 Qa5+ 11. Nc3 cxd4 12. Nxd4 Bxd4 13. Qxd4 Nc6 14. Qc4
Qb6 15. Qe2 h5 16. h3 Nh6 17. Bd2 Nf5 18. Qf3 Nb4 19. O-O-O Qc6 20. Qxc6+ Nxc6
21. Ne4 Nd8 22. g4 Nh4 23. Ng5 Rf8 24. Rhe1 Nxf7 25. Ne6 Rg8 26. Re2 hxg4 27.
hxg4 g5 28. f5 Rac8 29. Rh1 Nf3 30. Be3 b6 31. b3 Rh8 32. Rf1 Rh3 33. Ref2 N3e5
34. Bxg5 Nd3+ 35. Kd2 Nxf2 36. Rxf2 Rg8 37. Be3 Rxg4 38. a4 Re4 39. Bf4 Ne5 40.
Rg2 Rf3 41. Bxe5 Rxe5 42. Ng7 Re4 43. Rh2 Rg4 44. Rh7 Rg2+ 45. Kc1 Rff2 0-1

[Event "BL 8586 Solingen-Porz"]
[Site "?"]
[Date "1985.??.??"]
[Round "?.1"]
[White "Miles, A."]
[Black "Huebner, R."]
[Result "1/2-1/2"]
[WhiteElo "2560"]
[BlackElo "2620"]
[PlyCount "71"]
[EventDate "1985.??.??"]

1. d4 d5 2. c4 dxc4 3. Nf3 Nf6 4. Nc3 c6 5. a4 Bf5 6. e3 e6 7. Bxc4 Bb4 8. O-O
Nbd7 9. Qe2 Bg6 10. Rd1 Qe7 11. e4 Bxc3 12. bxc3 Nxe4 13. Ba3 Nd6 14. Ne5 Rd8
15. a5 Nb8 16. Bb3 Qc7 17. Bxe6 O-O 18. Bb3 Rfe8 19. Qf3 Na6 20. Bc1 Qe7 21.
Bf4 Nc7 22. a6 Nxa6 23. Re1 Nc7 24. Re3 Qf6 25. Nxg6 hxg6 26. Bxd6 Rxd6 27.
Rxe8+ Nxe8 28. Rxa7 Qxf3 29. gxf3 Rd7 30. d5 Nf6 31. dxc6 bxc6 32. Ra8+ Kh7 33.
Rc8 Rb7 34. Ba2 Ra7 35. Bb3 Nd5 36. Bxd5 1/2-1/2

[Event "BL 8586 Solingen-Porz"]
[Site "?"]
[Date "1985.??.??"]
[Round "?.3"]
[White "Troeger, P."]
[Black "Lobron, E."]
[Result "0-1"]
[WhiteElo "2255"]
[BlackElo "2525"]
[PlyCount "84"]
[EventDate "1985.??.??"]

1. d4 Nf6 2. Nf3 c5 3. c3 e6 4. e3 b6 5. Nbd2 Bb7 6. Bd3 Nc6 7. Qe2 Be7 8. Ba6
Bxa6 9. Qxa6 O-O 10. O-O Qc7 11. Qd3 d5 12. b3 Rac8 13. Bb2 Rfd8 14. Rad1 Qb7
15. Qe2 cxd4 16. exd4 Bf8 17. Ne5 b5 18. a3 Nxe5 19. dxe5 Ne4 20. Nxe4 dxe4 21.
f3 exf3 22. gxf3 Rd5 23. c4 bxc4 24. bxc4 Qa6 25. Rc1 Rdc5 26. Rfd1 Rxc4 27.
Rxc4 Rxc4 28. Bd4 h6 29. Qe3 Qa4 30. Rd3 Rc7 31. Kg2 Be7 32. Kg3 Rd7 33. f4 Qc4
34. Rd2 g5 35. h4 Bc5 36. hxg5 Bxd4 37. Qf3 Bf2+ 38. Rxf2 Rd3 39. gxh6 Rxf3+
40. Rxf3 Kh7 41. f5 Qe4 42. fxe6 Qxe5+ 0-1

[Event "BL 8586 Solingen-Porz"]
[Site "?"]
[Date "1985.??.??"]
[Round "?.4"]
[White "Lau, R."]
[Black "Goehring, K."]
[Result "1-0"]
[WhiteElo "2460"]
[BlackElo "2355"]
[PlyCount "59"]
[EventDate "1985.??.??"]

1. e4 e5 2. Nf3 Nc6 3. Bb5 a6 4. Ba4 d6 5. c3 Bd7 6. d4 Nge7 7. Bb3 h6 8. Nbd2
Ng6 9. Nf1 Be7 10. Ne3 O-O 11. g3 exd4 12. cxd4 Bf6 13. h4 Re8 14. h5 Nf8 15.
Bc2 Nb4 16. Bb1 a5 17. Bd2 c5 18. Bc3 b5 19. O-O Bg5 20. Nxg5 Qxg5 21. Kh2 Nc6
22. f4 Qd8 23. d5 Na7 24. b3 b4 25. Bb2 Nb5 26. Nc4 f6 27. Bc2 Qc7 28. e5 fxe5
29. fxe5 dxe5 30. Bxe5 1-0

[Event "BL 8586 Solingen-Porz"]
[Site "?"]
[Date "1985.??.??"]
[Round "?.5"]
[White "Gruen, G."]
[Black "Dueball, J."]
[Result "0-1"]
[WhiteElo "2410"]
[BlackElo "2445"]
[PlyCount "96"]
[EventDate "1985.??.??"]

1. d4 Nf6 2. Nf3 g6 3. g3 Bg7 4. Bg2 O-O 5. c4 d5 6. O-O dxc4 7. Na3 Nc6 8.
Nxc4 Be6 9. b3 Bd5 10. Bb2 a5 11. Ne3 Be4 12. a3 Qc8 13. Ne5 Bxg2 14. Kxg2 Nxe5
15. dxe5 Ng4 16. Nd5 Qd8 17. e4 Nxe5 18. Qc2 c6 19. Ne3 Qd3 20. Rfd1 Qxc2 21.
Nxc2 a4 22. Ne3 axb3 23. Rab1 Rfd8 24. Rxd8+ Rxd8 25. Bxe5 Bxe5 26. Rxb3 b5 27.
f4 Rd2+ 28. Kf3 Bd4 29. h4 c5 30. Nd5 Rf2+ 31. Kg4 h5+ 32. Kh3 Rb2 33. Rxb2
Bxb2 34. Nc7 Bxa3 35. Nxb5 Bb2 36. Kg2 Kf8 37. Kf3 Ke8 38. Nc7+ Kd7 39. Nd5 Bd4
40. e5 f5 41. exf6 exf6 42. f5 g5 43. Ke4 gxh4 44. gxh4 Be5 45. Ne3 Kc6 46. Nd5
c4 47. Ne3 Kc5 48. Nc2 Bg3 0-1

[Event "BL 8586 Solingen-Porz"]
[Site "?"]
[Date "1985.??.??"]
[Round "?.6"]
[White "Ostermeyer, P."]
[Black "Marian, R."]
[Result "1/2-1/2"]
[WhiteElo "2485"]
[BlackElo "2285"]
[PlyCount "38"]
[EventDate "1985.??.??"]

1. d4 Nf6 2. c4 e6 3. Nf3 d5 4. Nc3 Be7 5. Bg5 h6 6. Bh4 O-O 7. e3 Ne4 8. Bxe7
Qxe7 9. Qc2 Nxc3 10. bxc3 c5 11. Bd3 Nc6 12. O-O dxc4 13. Bxc4 Na5 14. Bd3 b6
15. Bh7+ Kh8 16. Be4 Bb7 17. Ne5 Rac8 18. Bxb7 Qxb7 19. Qe2 cxd4 1/2-1/2